000 00337nam a22001457a 4500
008 160520b xxu||||| |||| 00| 0 eng d
020 _a0874340942
020 _a0874340950
020 _a0874340969
020 _a0874340977
041 _aeng
080 _a618.2
245 _aNurse review:
_cA Clinical Update System;
942 _2udc
_cBK
999 _c2295
_d2295